000 01188nam a2200289 i 4500
001 188874
003 SpMaBN
005 20250720061258.0
008 190219s2016 sp cf |||| | spa d
020 _a978-84-7209-688-2
080 _a32(460)"18/20"
100 1 _aGortázar, Guillermo,
_d1951-
_9176485
245 1 3 _aEl salón de los encuentros
_b: una contribución al debate político del siglo XXI /
_cGuillermo Gortázar.
260 _aMadrid :
_bUnión Editorial,
_c2016.
300 _a188 p., [16] p. de lám. col. :
_b1 retr. ;
_c24 cm.
490 1 _aColección la antorcha
500 _aÍndice onomástico.
504 _aBibliografía: p. 171-181.
651 7 _aEspaña-
_xPolítica y gobierno-
_yS.XIX
_2
_9161744
651 _aEspaña-
_xPolítica y gobierno-
_yS.XX.
_9145878
830 0 _aColección la antorcha
_9176486
852 _aES-MaACL
_jA-14375
_zEnc. cart.
_9196008
_bR.151699
_cDEPO1
_dOlim: N-7375
_g Dedicatoria autógrafa del autor
_hDonación: Guillermo Gortazar
_xEncuadernación en cartoné
903 _aGortázar, Guillermo,
_d1951-
_ednr
_9176485
942 _2udc
_cMONOGRAFIA
999 _c188874
_d188874